00345nam a2200097Ia 4500008004100000040002900041050002200070100001500092245010000107260004000207221021s9999||||xx |||||||||||||| ||und|| cChuka University Library aQA 37b .M45 1955 aMellor J W 0aHigher mathmatics for students of chemestry and physics:With special refrence to practical work aLondonbConstable and companyc1955